Workshop on planetary boundary layer parameterization 25-27 November 1981 /

Saved in:
Bibliographic Details
Corporate Authors: Planetary boundary layer parameterization, European Centre for Medium Range Weather Forecasts
Format: Conference Proceeding Book
Language:English
Published: [Reading] : ECMRWF, 1982.
Subjects:
LEADER 00971nam a2200229 a 4500
001 c000160452
003 CARM
005 19910224000000.0
008 910224s1982 uk 000 0 eng d
019 1 |a 7959309  |5 LACONCORD2021 
035 |a (OCoLC)9058202  |5 LACONCORD2021 
040 |a VCMB  |b eng  |c VCMB 
111 2 |a Planetary boundary layer parameterization,  |d (1981) 
245 1 0 |a Workshop on planetary boundary layer parameterization 25-27 November 1981 /  |c European Centre for Medium Range Weather Forecasts. 
260 |a [Reading] :  |b ECMRWF,  |c 1982. 
300 |a 260p. :  |b ill. ;  |c 30cm. 
504 |a Includes bibliographies. 
650 0 |a Boundary layer (Meteorology) 
710 2 |a European Centre for Medium Range Weather Forecasts. 
852 8 |b CARM  |h A2:AN17E0  |i D05673  |p 0211334  |f BK 
999 f f |i fa1fe9ab-0c3d-5815-8a43-de12cb477ef6  |s e49cb6db-10b3-5fa7-b035-ead26991ba2c 
952 f f |p Can circulate  |a CAVAL  |b CAVAL  |c CAVAL  |d CARM 1 Store  |e D05673  |f A2:AN17E0  |h Other scheme  |i book  |m 0211334